000 00670cab a2200277 4500
001 X1406
008 090401t1994 xxu||||| |||| 00| 0 eng d
035 _a(Sirsi) u16879
041 _aeng
245 _aPotential value of UK coal market may be underrated
260 _c1994
350 _a0
490 _aCSM (Chartered Surveyor Monthly)
_v3(7) April 1994, 5(1)
650 _aBUDGE R.
650 _aCOAL RESERVES
650 _aCOAL
650 _aMARKET
650 _aPRIVATISATION
650 _aRICHARD BUDGE
650 _aRICS
650 _aSALES FORECAST
650 _aVALUE
690 _aMINING AND MINERALS
942 _n0
948 _c04/03/1997
999 _c11176
_d11176